书目信息 |
| 题名: |
团结全国青年在建设祖国的伟大行列中奋勇前
|
|
| 作者: | ||
| 分册: | ||
| 出版信息: | 北京 中国青年出版社 1953 |
|
| 页数: | 93页 | |
| 开本: | 21cm | |
| 丛书名: | ||
| 单 册: | ||
| 中图分类: | D432.3 | |
| 科图分类: | ||
| 主题词: | 青年运动 , 青年组织 , 学生运动 , 学生组织 | |
| 电子资源: | ||
| ISBN: | ||
| 000 | 00648nam0 2200217 450 | |
| 001 | 0729387585 | |
| 005 | 20070927081101.60 | |
| 100 | @a20070927d1953 km y0chiy0120 ea | |
| 101 | 0 | @achi |
| 102 | @aCN@b110000 | |
| 200 | 1 | @a团结全国青年在建设祖国的伟大行列中奋勇前@Atuan jie quan guo qing nian zai jian she zu guo de wei da hang lie zhong fen yong qian |
| 210 | @a北京@c中国青年出版社@d1953 | |
| 215 | @a93页@d21cm | |
| 300 | @a中国新民主主义青年团第二次全国代表大会文献 | |
| 606 | 0 | @a青年运动 |
| 606 | 0 | @a青年组织 |
| 606 | 0 | @a学生运动 |
| 606 | 0 | @a学生组织 |
| 690 | @aD432.3@v3 | |
| 801 | 0 | @aCN@bPFT@c20070927 |
| 905 | @a10447@dD432.3@e208 | |
| 团结全国青年在建设祖国的伟大行列中奋勇前.-北京:中国青年出版社,1953 |
| 93页;21cm |
| 中国新民主主义青年团第二次全国代表大会文献 |
| ISBN : |
| ● |
| 相关链接 |
|
|
|
|
正题名:团结全国青年在建设祖国的伟大行列中奋勇前
索取号:D432.3/208
 
预约/预借
| 序号 | 登录号 | 条形码 | 馆藏地/架位号 | 状态 | 备注 |
| 1 | 0624618 | 206246187 | 第一样本阅览室/ [索取号:D432.3/208] | 在馆 |